000 03217cam a2200529 a 4500
001 30895
003 BD-RjUL
005 20211209051630.0
008 140412m1964 enka b 001 0 eng d
035 _a(BD-RjUL)30982
040 _aGTX
_cGTX
_dUMC
_dOCL
_dBD-RjUL
_beng
041 1 _aengger
082 _a131.3462
_bJUC V-10 1964
090 _aBF23
_b.J763
100 1 _aJung, C. G.
_q(Carl Gustav),
_d1875-1961.
_95179
245 1 4 _aThe collected works of C. G. Jung /
_ceditors: Sir Herbert Read, Michael Fordham, Gerhard Adler ; William Mcguire, executive editor ; translated by R.F.C. Hull.
_nVOLUME 10
_pCIVILIZATION IN TRANSTION.
260 _aLondon :
_bRoutledge & K. Paul,
_c1964.
300 _axii ,617 p. :
_bill. ;
_c24 cm.
500 _aContains new translations of the majority of Jung's writings and also works originally written in English.
500 _aEdition varies.
504 _aIncludes bibliographical references and indexes.
505 0 _aVol. 1. Psychiatric studies. -- v. 2. Experimental researches / translated by Leopold Stein in collaboration with Diana Riviere. -- v. 3. The psychogenesis of mental disease. -- v. 4. Freud and psychoanalysis. -- v. 5. Symbols of transformation : an analysis of the prelude to a case of schizophrenia. -- v. 6. Psychological types / a revision by R.F.C. Hull of the translation by H.G. Baynes. -- v. 7. Two essays on analytical psychology. -- v. 8. The structure and dynamics of the psyche. -- v. 9, pt. 1. The archetypes and the collective unconscious. pt. 2. Aion: researches into the phenomenology of the self. -- v. 10. Civilization in transition. -- v. 11. Psychology and religion : West and East. -- v. 12. Psychology and alchemy. -- v. 13. Alchemical studies. -- v. 14. Mysterium coniunctionis. -- v. 15. The spirit in man, art, and literature. -- v. 16. The practice of psychotherapy. -- v. 17. The development of personality. -- v. 18. The symbolic life : Miscellaneous writings. -- v. 19. General bibliography of C.G. Jung's writings / compiled by Lisa Ress with collaborators. -- v. 20. General index to the collected works of C.G. Jung / compiled by Barbara Forryan and Janet M. Glover.
650 0 _aPsychoanalysis.
_993864
700 1 _aRead, Herbert,
_d1893-1968.
_94403
700 1 _aFordham, Michael,
_d1905-
_989963
700 1 _aAdler, Gerhard,
_d1904-
_988947
700 1 _aMcGuire, William,
_d1917-2009.
_993865
700 1 _aHull, R. F. C.
_q(Richard Francis Carrington),
_d1913-1974.
_93300
700 1 _aStein, Leopold,
_d1894-1969.
_993866
700 1 _aRiviere, Diana.
_993867
700 1 _aBaynes, H. G.
_q(Helton Godwin),
_d1882-1943.
_93887
700 1 _aRess, Lisa.
_993868
700 1 _aForryan, Barbara.
_993869
700 1 _aGlover, Janet M.
_993870
740 0 _aPsychiatric studies.
740 0 _aPsychological types.
740 0 _aFreud and pyschoanalysis.
740 4 _aThe psychogenesis of mental disease.
740 0 _aExperimental researches.
740 4 _aThe spirit in man, art and literature.
740 0 _aAlchemical studies.
740 0 _aCivilization in transition.
740 4 _aThe symbolic life.
740 4 _aThe development of personality.
942 _2ddc
_cBK
999 _c30895
_d30895